Welcome to the NCPD Library & Documentation Unit

The state of population in Eastern and Southern Africa / (Record no. 203)

MARC details
000 -LEADER
fixed length control field 00493cam a2200133 a 4500
050 00 - LIBRARY OF CONGRESS CALL NUMBER
Classification number HB3663.3.A3
100 1# - MAIN ENTRY--AUTHOR NAME
Personal name Ayiemba, Elias H. O.
245 14 - TITLE STATEMENT
Title The state of population in Eastern and Southern Africa /
260 ## - PUBLICATION, DISTRIBUTION, ETC. (IMPRINT)
Place of publication Nairobi, Kenya :
Name of publisher African Population and Environment Institute with assistance from Japan International Cooperation Agency, Population Education Promotion Project,
Year of publication [1994]
300 ## - PHYSICAL DESCRIPTION
Number of Pages 37 p. :
Other physical details ill., maps ;
500 ## - GENERAL NOTE
General note "May 1994."
700 1# - ADDED ENTRY--PERSONAL NAME
Personal name Oucho, John O.
942 ## - ADDED ENTRY ELEMENTS (KOHA)
Koha item type Long Loan Books

No items available.